000
00226nam a2200097Ia 4500
008
190216s9999||||xx |||||||||||||| ||und||
100
_a
Null
245
0
_a
Hindi-Oorvashi Mem Katha Dhyay
260
_b
Bright Careers
942
_c
BK
999
_c
18051
_d
18051